000 00291nam a22001217a 4500
008 180228b xxu||||| |||| 00| 0 eng d
041 _aeng
080 _a94
100 _a16
101 _ahis
245 _athe americans social history of united states
_cfurmas.j.c
942 _2udc
_cBK
999 _c43695
_d43695